LOKPAL AND LOKAYUKTAS ACT (1 OF 2014) (Record no. 11672)
[ view plain ]
| 000 -LEADER | |
|---|---|
| fixed length control field | 00252nam a22001097a 4500 |
| 003 - CONTROL NUMBER IDENTIFIER | |
| control field | SGT |
| 082 ## - DEWEY DECIMAL CLASSIFICATION NUMBER | |
| Classification number | 345.5402323,BAR |
| 100 ## - MAIN ENTRY--PERSONAL NAME | |
| Personal name | BARE,ACT |
| 245 ## - TITLE STATEMENT | |
| Title | LOKPAL AND LOKAYUKTAS ACT (1 OF 2014) |
| 260 ## - PUBLICATION, DISTRIBUTION, ETC. (IMPRINT) | |
| Place of publication, distribution, etc | NEW DELHI |
| Name of publisher, distributor, etc | EASTERN BOOK |
| Year of Publication | 2015 |
| 942 ## - ADDED ENTRY ELEMENTS (KOHA) | |
| Source of classification or shelving scheme | Dewey Decimal Classification |
| Koha item type | Books |
| Withdrawn status | Lost status | Source of classification or shelving scheme | Damaged status | Not for loan | Collection code | Home library | Current library | Shelving location | Date acquired | Vendor Name | Cost, normal purchase price | SGTU | Total Checkouts | Full call number | Accession No. (Barcode) | Date last seen | Bill Date | Koha item type |
|---|---|---|---|---|---|---|---|---|---|---|---|---|---|---|---|---|---|---|
| Dewey Decimal Classification | LAW | SGT Science & Social Sciences Library | SGT Science & Social Sciences Library | Text Book | 06/06/2017 | DONATED ACT | 60.00 | SGTU | 345.5402323,BAR | FLBA93 | 06/06/2017 | 06/06/2017 | Books |